| 000 | 00687nam a2200193Ia 4500 | ||
|---|---|---|---|
| 008 | 151121s9999||||xx |||||||||||||| ||und|| | ||
| 082 | _a814/देशपां | ||
| 082 | _bHNW-20007 | ||
| 100 | _aदेशपांडे माधव का। | ||
| 245 | _aकांदबरीकार फडके | ||
| 260 | _b"व्हीनस प्रकाशन , पुणे।" | ||
| 260 | _c-- | ||
| 300 | _a298 | ||
| 600 | _aदेशपांडे माधव का। | ||
| 630 | _aकांदबरीकार फडके | ||
| 700 | _aदेशपांडे माधव का। | ||
| 730 | _aकांदबरीकार फडके | ||
| 942 | _cBOOK | ||
| 999 |
_c1220971 _d1220968 |
||